[Event "Riscle-C"]
[Site "Riscle"]
[Date "2017.08.07"]
[Round "5"]
[White "Boff, Olivier"]
[Black "Jackson, Edgar"]
[Result "0-1"]
[WhiteElo "1644"]
[BlackElo "1641"]
[PlyCount "56"]
[EventDate "2017.08.07"]
[EventType "tourn"]
[EventRounds "7"]
[EventCountry "FRA"]
[SourceTitle "EXT 2019"]
[Source "ChessBase"]
[SourceDate "2018.10.10"]
[SourceVersion "1"]
[SourceVersionDate "2018.10.10"]
[SourceQuality "1"]

1. e4 c5 2. Nf3 e6 3. d4 cxd4 4. Nxd4 Nc6 5. Be2 Qc7 6. 0-0 Nf6 7. Nc3 a6 8. Kh1 Bb4 9. f3 b5 10. Nxc6 dxc6 11. a3 Be7 12. f4 Bb7 13. f5 Rd8 14. Qe1 0-0 15. Bg5 c5 16. fxe6 fxe6 17. Qh4 Bc6 18. e5 Qxe5 19. Bf4 Qf5 20. Bc7 Qg6 21. Qh3 Ne4 22. Nxe4 Rxf1+ 23. Rxf1 Rd7 24. Ng3 Rxc7 25. Bf3 Qh6 26. Qg4 Bd6 27. Nh5 Rf7 28. Re1 Bd5 0-1

[Event "Riscle-C"]
[Site "Riscle"]
[Date "2017.08.07"]
[Round "1"]
[White "Gabillard, Gilbert"]
[Black "Jackson, Edgar"]
[Result "0-1"]
[WhiteElo "1519"]
[BlackElo "1641"]
[PlyCount "70"]
[EventDate "2017.08.07"]
[EventType "tourn"]
[EventRounds "7"]
[EventCountry "FRA"]
[SourceTitle "EXT 2019"]
[Source "ChessBase"]
[SourceDate "2018.10.10"]
[SourceVersion "1"]
[SourceVersionDate "2018.10.10"]
[SourceQuality "1"]

1. d4 Nf6 2. Nf3 e6 3. e3 b6 4. b3 Bb7 5. Bb2 Be7 6. Nbd2 0-0 7. Bd3 d5 8. 0-0 Nbd7 9. c4 c6 10. Ne5 h6 11. f4 c5 12. Rc1 Rc8 13. Qe2 Ne4 14. cxd5 exd5 15. Nxe4 dxe4 16. Ba6 Bxa6 17. Qxa6 Nf6 18. Rfd1 cxd4 19. Bxd4 Rxc1 20. Rxc1 Bc5 21. Nc6 Qd6 22. Bxc5 bxc5 23. b4 cxb4 24. Qxa7 Qd2 25. Qc5 Nd5 26. h3 Nxe3 27. Ne7+ Kh7 28. Rc2 Qxc2 29. Qxe3 Qd3 30. Qc5 e3 31. Qxb4 e2 32. Kh2 Qd1 33. Nf5 e1Q 34. Qxf8 Qh1+ 35. Kg3 Qd3+ 0-1

[Event "Salon de Provence op 7th"]
[Site "Salon de Provence"]
[Date "2016.07.12"]
[Round "6"]
[White "Colandrea, Sauveur"]
[Black "Jackson, Edgar"]
[Result "0-1"]
[WhiteElo "1758"]
[BlackElo "1723"]
[PlyCount "94"]
[EventDate "2016.07.09"]
[EventType "swiss"]
[EventRounds "9"]
[EventCountry "FRA"]
[SourceTitle "EXT 2019"]
[Source "ChessBase"]
[SourceDate "2018.10.10"]
[SourceVersion "1"]
[SourceVersionDate "2018.10.10"]
[SourceQuality "1"]

1. d4 Nf6 2. c4 e6 3. Nf3 b6 4. g3 Bb7 5. Bg2 c5 6. d5 exd5 7. Nh4 g6 8. 0-0 Bg7 9. Nc3 0-0 10. cxd5 d6 11. Nf3 Re8 12. Ne1 Ba6 13. Nc2 b5 14. a4 b4 15. Nb5 Bxb5 16. axb5 Qb6 17. Qd3 Ng4 18. e4 Ne5 19. Qe2 a5 20. bxa6 Rxa6 21. Be3 Rxa1 22. Rxa1 Qc7 23. Ne1 Ned7 24. Qc2 Nb6 25. Qb3 N8d7 26. h3 Ne5 27. f4 Nec4 28. Bc1 Kh8 29. Nd3 f5 30. e5 dxe5 31. fxe5 Nxe5 32. Bf4 Qc8 33. Nxe5 Bxe5 34. Bxe5+ Rxe5 35. d6 Qd7 36. Rd1 Re6 37. Qd3 Nc8 38. Qa6 Rxd6 39. Rxd6 Nxd6 40. b3 Ne4 41. Qa8+ Kg7 42. Bxe4 fxe4 43. Qxe4 Qd4+ 44. Qxd4+ cxd4 45. Kf2 Kf6 46. Ke2 g5 47. Kd3 Ke5 0-1

[Event "Salon de Provence op 7th"]
[Site "Salon de Provence"]
[Date "2016.07.10"]
[Round "3"]
[White "Jackson, Edgar"]
[Black "Mazzella, Enzo"]
[Result "0-1"]
[WhiteElo "1723"]
[BlackElo "2015"]
[PlyCount "78"]
[EventDate "2016.07.09"]
[EventType "swiss"]
[EventRounds "9"]
[EventCountry "FRA"]
[SourceTitle "EXT 2019"]
[Source "ChessBase"]
[SourceDate "2018.10.10"]
[SourceVersion "1"]
[SourceVersionDate "2018.10.10"]
[SourceQuality "1"]

1. d4 Nf6 2. c4 g6 3. Nc3 d5 4. cxd5 Nxd5 5. e4 Nxc3 6. bxc3 Bg7 7. Bc4 c5 8. Ne2 0-0 9. 0-0 Nc6 10. Be3 Na5 11. Bb3 b6 12. Rc1 Nb7 13. Qd2 e5 14. d5 Nd6 15. c4 Nxe4 16. Qd1 f5 17. f3 Nd6 18. f4 exf4 19. Nxf4 Re8 20. Bf2 Ne4 21. Kh1 Qd6 22. Bg1 Bd7 23. Qd3 Re7 24. Bd1 Rae8 25. Nh3 Qf6 26. Rc2 a6 27. Qb3 Qd6 28. a4 Rb8 29. Bf3 Bh6 30. Nf2 Nd2 31. Rxd2 Bxd2 32. Qd3 Bh6 33. Bd1 b5 34. Qh3 Bg7 35. Nd3 Bd4 36. Bxd4 cxd4 37. c5 Qxd5 38. Qg3 Rbe8 39. Bf3 Qc4 0-1

[Event "Salon de Provence op 7th"]
[Site "Salon de Provence"]
[Date "2016.07.09"]
[Round "1"]
[White "Jackson, Edgar"]
[Black "Kolb, Sebastien"]
[Result "0-1"]
[WhiteElo "1723"]
[BlackElo "2058"]
[PlyCount "56"]
[EventDate "2016.07.09"]
[EventType "swiss"]
[EventRounds "9"]
[EventCountry "FRA"]
[SourceTitle "EXT 2019"]
[Source "ChessBase"]
[SourceDate "2018.10.10"]
[SourceVersion "1"]
[SourceVersionDate "2018.10.10"]
[SourceQuality "1"]

1. d4 Nf6 2. c4 g6 3. Nc3 Bg7 4. Bf4 0-0 5. Nf3 d6 6. h3 Nbd7 7. e3 c5 8. Be2 Qa5 9. 0-0 a6 10. Rc1 Rb8 11. a3 cxd4 12. exd4 e5 13. Bh2 Re8 14. d5 b5 15. cxb5 axb5 16. Na2 Bb7 17. Nb4 Rbc8 18. Nc6 Qb6 19. Qb3 Bh6 20. Rc2 Nxd5 21. Qxd5 Rxc6 22. Rxc6 Bxc6 23. Qxd6 Re6 24. Qb4 Bf8 25. Qh4 h6 26. Re1 e4 27. Nd2 e3 28. Nf3 exf2+ 0-1

[Event "Saint Affrique op 22nd"]
[Site "Saint Affrique"]
[Date "2014.07.22"]
[Round "5"]
[White "Jackson, Edgar"]
[Black "Grimault, Stephanie"]
[Result "1-0"]
[WhiteElo "1602"]
[BlackElo "1274"]
[PlyCount "79"]
[EventDate "2014.07.19"]
[EventType "swiss"]
[EventRounds "9"]
[EventCountry "FRA"]
[SourceTitle "CBM 161 Extra"]
[Source "ChessBase"]
[SourceDate "2014.08.29"]
[SourceVersion "1"]
[SourceVersionDate "2014.08.29"]
[SourceQuality "1"]

1. d4 e6 2. c4 b6 3. Nf3 Bb7 4. g3 Nf6 5. Bg2 d5 6. 0-0 h6 7. b3 c5 8. Ba3 Nbd7 9. Nbd2 Qc7 10. cxd5 Bxd5 11. Re1 Bd6 12. e4 Nxe4 13. Nxe4 Bxe4 14. Rxe4 Nf6 15. Re2 Rd8 16. Qc2 0-0 17. dxc5 bxc5 18. Bb2 e5 19. Bxe5 Bxe5 20. Rxe5 Nd7 21. Re2 Nf6 22. Rc1 Rd5 23. Nd2 Re5 24. Rxe5 Qxe5 25. Nf3 Qd6 26. Qxc5 Qd8 27. Qxa7 Re8 28. Qd4 Qa8 29. a4 Qa6 30. Bf1 Qb7 31. Nd2 Ne4 32. Nxe4 Rxe4 33. Qd8+ Kh7 34. Bd3 f5 35. Bxe4 fxe4 36. Qd1 Qa7 37. Rc4 e3 38. Qd3+ g6 39. fxe3 Qg7 40. Qc3 1-0